LDR 00996naa#a2200193#i#450# 001 RU\\bibl\19252 005 20260418192422.6 100 ## _a20260417b2026####ek#y0rusy0150####ca 102 ## _aRU 200 1# _aКОМПЛЕКСНЫЙ ПОДХОД К ТРАНСПОРТНОЙ ИНТЕГРАЦИИ НОВЫХ ЖИЛЫХ РАЙОНОВ _eСтатья/тезисы конференции 210 1# _aВоронеж _cВоронежский государственный лесотехнический университет имени Г.Ф. Морозова _d2026 215 ## _a6 с. 608 ## _aСтатья/тезисы конференции _2local 675 ## _aРегулирование движения. Сигналы (знаки). 656.05 _z 700 #1 _aШтепа _gАлексей Анатольевич 700 #1 _aЗеликова _gНаталья Владимировна 700 #1 _aЩедрина _gЮ. В. 700 #1 _aШаталов _gЕвгений Владимирович 856 4# _abibl.vgltu.ru _u